书目信息 |
| 题名: |
现代香港经济
|
|
| 作者: | 郑德良 编 | |
| 分册: | ||
| 出版信息: | 北京 中国财政经济出版社 1982 |
|
| 页数: | 482页 | |
| 开本: | 19cm | |
| 丛书名: | ||
| 单 册: | ||
| 中图分类: | F127.658 | |
| 科图分类: | ||
| 主题词: | 经济--概况--香港 | |
| 电子资源: | ||
| ISBN: | ||
| 000 | 00622nam0 2200229 45 | |
| 001 | 0182008697 | |
| 005 | 20060721170639.50 | |
| 010 | @dCNY1.30 | |
| 091 | @a4166.365 | |
| 100 | @a19950404d1982 em y0chiy0121 ea | |
| 101 | 0 | @achi |
| 102 | @aCN@b110000 | |
| 105 | @ay z 000yy | |
| 200 | 10 | @a现代香港经济@Axian dai xiang gang jing ji@f郑德良编 |
| 210 | @a北京@c中国财政经济出版社@d1982 | |
| 215 | @a482页@d19cm | |
| 606 | @a经济@x概况@y香港 | |
| 690 | @aF127.658@v3 | |
| 701 | 0 | @a郑德良@Azheng de liang@4编 |
| 801 | 2 | @aCN@bNLC@c20060721 |
| 801 | 0 | @aCN@b上海图书馆@c20040427 |
| 905 | @f2@b90545-546@dF127.658@e5 | |
| 现代香港经济/郑德良编.-北京:中国财政经济出版社,1982 |
| 482页;19cm |
| ISBN :CNY1.30 |
| ● |
| 相关链接 |
|
|
|
|
正题名:现代香港经济
索取号:F127.658/5
 
预约/预借
| 序号 | 登录号 | 条形码 | 馆藏地/架位号 | 状态 | 备注 |
| 1 | 0090545 | 000200311 | 密集书库/ [索取号:F127.658/5] | 在馆 | |
| 2 | 0090546 | 000200231 | 密集书库/ [索取号:F127.658/5] | 在馆 | |
| 3 | 0090547 | 000200277 | 第一样本阅览室/ [索取号:F127.658/5] | 在馆 | |
| 4 | 0426019 | 204260192 | 密集书库/ [索取号:F127.658/5] | 在馆 | |
| 5 | 0427210 | 204272107 | 密集书库/ [索取号:F127.658/5] | 在馆 |